| 000 | 00706nam a22002177a 4500 | ||
|---|---|---|---|
| 003 | OSt | ||
| 005 | 20250819095844.0 | ||
| 008 | 130814t xxu||||| |||| 00| 0 eng d | ||
| 020 | _a9788131938751 | ||
| 050 |
_aPR 4622 _b.D754 2023 |
||
| 100 |
_aDoyle, Arthur Conan _99971 |
||
| 245 |
_aThe Adventures of Sherlock Holmes / _cArthur Conan Doyle. |
||
| 260 |
_aNew Delhi : _bPegasus, _c2023. |
||
| 300 |
_a344 pages ; _c20 cm. |
||
| 600 |
_aDoyle, Arthur Conan, 1859–1930 _xCriticism and interpretation. |
||
| 650 |
_99972 _aDetective and mystery stories, English. |
||
| 650 |
_aPrivate investigators _zEngland. |
||
| 650 | _aHolmes, Sherlock (Fictitious character). | ||
| 942 |
_2lcc _cBK |
||
| 999 |
_c8502 _d8502 |
||